000 01238cam a22003497a 4500
003 CHAP
005 20220329141118.0
008 120910s2011 a r 00010 spa d
010 _a62767
011 _a63739
020 _a9786074816129
035 _a67958
040 _cCHAP
082 0 4 _a512
_bS8
100 0 0 _aSwokowski, Earl W.
_9110906
245 1 0 _aÁlgebra y trigonometría con geometría analítica
_c/por Earl W. Swokowski y Jeffery A. Cole
250 _a13 ed.
260 _aMéxico :
_bCebgage Learning,
_c2011
300 _axvii, 840, A96 p.
_b: il.
534 _pTít. original :
_tAlgebra and trigonometry with analytic geometry
590 _aBATCH-UPD
_b10
_c20130110
_lUCH01
_h0607
590 _aBATCH-UPD
_b10
_c20130410
_lUCH01
_h0249
590 _aBATCH-UPD
_b10
_c20130914
_lUCH01
_h1001
590 _aCONVERSION
_b10
_c20130109
_lUCH01
_h1334
650 0 4 _aÁlgebra.
_982391
650 0 4 _aGeometría analítica.
_947654
650 0 4 _aTrigonometría.
_9115144
700 0 _aCole, Jeffery A.
_924633
901 _aBK
942 _cLIBRO
949 _a512 S8 2011
_bBC
_cLIBRO
_d000000000000017
_eLIBRO
_gSustituciØn
_h76350 sust.
_i67958
_mEste ejemplar sustituye a la copia 6 del bib. 63758 con el mismo tŁtulo 5 ed.
_sb
999 _c62767
_d62767